000 00503nam a2200193Ia 4500
001 14731
003 GE_BSU
008 181216s||||||||xx |||||||||||||| ||und||
040 _cGE_BSU
080 _aპერიოდიკა
100 _a1727-5903
245 _aХимия и жизнь-XXI век. №2. 2015
245 _cГл.ред.Стельникова Л.Н.
260 _aМосква
260 _c2015
300 _a64стр.28см.
653 _aХимия и жизнь
942 _cCR
999 _c47856
_d47856